(MiLK~UNiVERSE PLUS)maimai極・将・神プレート対象曲Lv.14以上クイズ - Statistics

General Stats
  • This quiz has been taken 3 times
  • The average score is 54 of 95
Answer Stats
Hint Answer % Correct
14.3 エンドマークに希望と涙を添えて
100%
14.5 アポカリプスに反逆の焔を焚べろ
100%
14.9 躯樹の墓守
100%
14.8 封焔の135秒
100%
14.4 Alea jacta est!
100%
14.6 BLACK SWAN
100%
14.6 Credits
100%
14.8 Excalibur ~Revived Resolution~
100%
14.0 FFT
100%
14.8 Heavenly Blast
100%
14.8 larva
100%
14.9 PANDORA PARADOXXX
100%
14.8 QZKago Requiem
100%
14.6 雷切-RAIKIRI-
100%
14.8 SILENT BLUE
100%
14.9 sølips
100%
14.7 TEmPTaTiON
100%
14.6 Titania
100%
14.7 VIIIbit Explorer
100%
14.9 World's end loneliness
100%
14.1 麒麟
67%
14.0 もうみんなしねばいいのに
67%
14.8 怒槌
67%
14.3 花と、雪と、ドラムンベース。
67%
14.4 極圏
67%
14.0 魔法少女になるしかねぇ
67%
14.4 ほしぞらスペクタクル
67%
14.5 BATTLE NO.1
67%
14.5 BIRTH
67%
14.2 B.M.S.
67%
14.6 BREaK! BREaK! BREaK!
67%
14.2 Desperado Waltz
67%
14.7 End Time
67%
14.7 GIGANTØMAKHIA
67%
14.0 Justified
67%
14.7 Lia=Fail
67%
14.7 Metamorphosism
67%
14.7 Regulus
67%
14.2 Scarlet Lance
67%
14.3 Schwarzschild
67%
14.5 Sqlupp (Camellia's "Sqleipd*Hiytex" Remix)
67%
14.8 the EmpErroR
67%
14.6 TiamaT:F minor
67%
14.7 Valsqotch
67%
14.3 Xevel
67%
14.6 Yorugao
67%
14.4 YURUSHITE
67%
14.5 初音ミクの激唱
33%
14.6 渦状銀河のシンフォニエッタ
33%
14.4 ≠彡"/了→
33%
14.1 ワンダーシャッフェンの法則
33%
14.3 チエルカ/エソテリカ
33%
14.6 脳天直撃
33%
14.4 スピカの天秤
33%
14.3 宿星審判
33%
14.2 デッドマンズバラッド
33%
14.2
33%
14.0 星詠みとデスペラード
33%
14.8 チューリングの跡
33%
14.0 パラマウント☆ショータイム!!
33%
14.0 Alcyone
33%
14.6 AMABIE
33%
14.4 ARAIS
33%
14.1 BLUE ZONE
33%
14.3 Climax
33%
14.4 CO5M1C R4ILR0AD
33%
14.2[STD] Destr0yer
33%
14.5 Falsum Atlantis.
33%
14.4 felys -final remix-
33%
14.1 FREEDOM DiVE(tpz Overcute Remix)
33%
14.2 Grievous Lady
33%
14.3[STD] Halcyon
33%
14.1 HECATONCHEIR
33%
14.1 Love’s Theme of BADASS ~バッド・アス 愛のテーマ~
33%
14.2 Maboroshi
33%
14.3 MEGATON BLAST
33%
14.4 Mjölnir
33%
14.0 Mutation
33%
14.3 N3V3R G3T OV3R
33%
14.1 NAGAREBOSHI☆ROCKET
33%
14.1 Ragnarok
33%
14.5 Raven Emperor
33%
14.4 Re:End of a Dream
33%
14.5 Sage
33%
14.0 Starry Colors
33%
14.3 STEEL TRANSONIC
33%
14.5 Strive against fate
33%
14.3 Swift Swing
33%
14.0 taboo tears you up
33%
14.4 Trick tear
33%
14.4 UniTas
33%
14.3 UNiVERSE 銀河鸞翔
33%
14.8 WiPE OUT MEMORIES
33%
14.3 World Vanquisher
33%
14.3 Xenovcipher
33%
No matching quizzes found
Score Distribution
Percent of People with Each Score
Percentile by Number Answered
Your Score History
You have not taken this quiz